Đường dây tải điện và gió bão /

Đặc điểm công trình đường dây tải điện trên không, tình hình thiệt hại qua các trận bão lớn. Nguyên nhân hư hại và biện pháp phòng chống bão cho công trình đường dây tải điện.

Salvato in:
Dettagli Bibliografici
Ente Autore: Bộ Xây dựng.
Natura: Libro
Lingua:Vietnamese
Pubblicazione: Hà Nội : Xây dựng, 1999.
Soggetti:
Tags: Aggiungi Tag
Nessun Tag, puoi essere il primo ad aggiungerne! !
Thư viện lưu trữ: Mạng thư viện Đại học Đà Nẵng
LEADER 01105cam a2200349 i 4500
001 000042507
003 381
005 20030922104545.0
008 010217b1999 vm 000 vie
020 |c 7000 
040 |a IRC  |c IRC  |d IRC 
041 0 |a vie 
082 1 4 |a 690.0289  |b BÔ 
110 2 |a Bộ Xây dựng. 
245 0 0 |a Đường dây tải điện và gió bão /  |c Bộ Xây dựng. 
260 |a Hà Nội :  |b Xây dựng,  |c 1999. 
300 |a 58tr. ;  |c 19cm. 
520 3 |a Đặc điểm công trình đường dây tải điện trên không, tình hình thiệt hại qua các trận bão lớn. Nguyên nhân hư hại và biện pháp phòng chống bão cho công trình đường dây tải điện. 
630 0 4 |a Xây dựng. 
630 0 4 |a Đường dây tải điện. 
650 0 4 |a Đường dây tải điện. 
650 0 4 |a Gió bão. 
OWN |a DUT 
999 |a From the UDN01 
TYP |a Monograph 
TYP |a Printed language 
980 |a Mạng thư viện Đại học Đà Nẵng